000 00401nam a22001697a 4500
003 CEME
005 20210628205819.0
008 210317b xxu||||| |||| 00| 0 eng d
040 _c.
082 _a891.4393 ZAF
100 _aZafar Mehmood
_977114
245 _a23 din novel
260 _aLAHORE
_bZEENA ENTERPRISES
_c1999
300 _a448P
650 _aURDU ADAB-NOVEL
_920918
942 _cBK
_2ddc
999 _c582442
_d582442